Loading...
| Science - Chemistry | 0 | 11 | 1 | 0 | 105 | 24 | 87.45 | 5 | 8 |
| Science - Physics | 0 | 10 | 0 | 2 | 100 | 34 | 100.40 | 0 | 3 |
| Science - Other | 0 | 5 | 0 | 1 | 50 | 87 | 107.20 | 0 | 2 |
| History - American | 0 | 3 | 1 | 1 | 25 | 129 | 132.67 | 0 | 0 |
| Social Science - Sociology | 0 | 2 | 0 | 1 | 20 | 114 | 118.50 | 0 | 1 |
| Social Science - Psychology | 0 | 2 | 0 | 1 | 20 | 41 | 84.50 | 1 | 1 |
| Science - Biology | 0 | 4 | 4 | 1 | 20 | 24 | 92.25 | 1 | 2 |
| Religion - Hinduism | 0 | 2 | 0 | 1 | 20 | 96 | 112.50 | 0 | 0 |
| Art - Painting/Sculpture | 0 | 2 | 0 | 0 | 20 | 119 | 123.50 | 0 | 0 |
| History - European | 0 | 2 | 0 | 0 | 20 | 96 | 110.00 | 0 | 0 |
| Philosophy - 20th century | 0 | 1 | 0 | 1 | 10 | 142 | 142.00 | 0 | 0 |
| Art - Visual | 0 | 1 | 0 | 0 | 10 | 137 | 137.00 | 0 | 0 |
| History - Other | 0 | 1 | 0 | 0 | 10 | 92 | 92.00 | 0 | 1 |
| Mythology - East Asia | 0 | 1 | 0 | 0 | 10 | 112 | 112.00 | 0 | 1 |
| Mythology - Mixed/Any | 0 | 1 | 0 | 0 | 10 | 114 | 114.00 | 0 | 1 |
| Religion - Mixed/Any | 0 | 1 | 0 | 0 | 10 | 132 | 132.00 | 0 | 1 |
| Science - Other/CL/Misc | 0 | 1 | 0 | 0 | 10 | 91 | 91.00 | 0 | 0 |
| Art - Music/Opera | 0 | 1 | 1 | 0 | 5 | 125 | 125.00 | 0 | 0 |
| Mythology - Greco/Roman | 0 | 1 | 1 | 1 | 5 | 141 | 141.00 | 0 | 0 |
| Science - Astronomy | 0 | 1 | 2 | 0 | 0 | 36 | 36.00 | 0 | 1 |
| Science - Earth | 0 | 0 | 1 | 0 | -5 | 0.00 | 0 | 0 | |
| History - World | 0 | 0 | 1 | 0 | -5 | 0.00 | 0 | 0 | |
| Literature - British long fiction | 0 | 0 | 1 | 0 | -5 | 0.00 | 0 | 0 |